Normal view
MARC view
- Welded joints
Entry Topical Term
001 - CONTROL NUMBER
- control field: 55724
003 - CONTROL NUMBER IDENTIFIER
- control field: NUST
005 - DATE AND TIME OF LATEST TRANSACTION
- control field: 20210628201534.0
008 - FIXED-LENGTH DATA ELEMENTS
- fixed length control field: 210628|| aca||aabn | a|a d
040 ## - CATALOGING SOURCE
- Original cataloging agency: NUST
- Transcribing agency: NUST
150 ## - HEADING--TOPICAL TERM
- Topical term or geographic name entry element: Welded joints
- General subdivision: Testing
670 ## - SOURCE DATA FOUND
- Source citation: Work cat.: (NUST): Nguyen, N. T. 55722, Thermal analysis of welds , c2004.
